[Event "Aeroflot Open 2012 B"]
[Site "Moscow"]
[Date "2012.02.15"]
[Round "9"]
[White "Munkhgal, Gombosuren"]
[Black "Froewis, Georg"]
[Result "1-0"]
[WhiteElo "2340"]
[BlackElo "2424"]
[PlyCount "113"]
[EventDate "2012.02.07"]
[EventType "swiss"]

1. d4 d5 2. c4 e6 3. Nc3 c6 4. cxd5 exd5 5. Bf4 Bd6 6. Bxd6 Qxd6 7. Nf3 Bf5 8.
Qb3 Qe7 9. e3 Nf6 10. Be2 O-O 11. O-O Re8 12. Ne5 Qc7 13. g4 Rxe5 14. dxe5 Nxg4
15. Bxg4 Bxg4 16. f4 Qb6 17. Qxb6 axb6 18. Kf2 Nd7 19. Kg3 Bf5 20. a4 f6 21.
exf6 Nxf6 22. b4 Re8 23. Rfe1 Ne4+ 24. Nxe4 Rxe4 25. Rab1 Re6 26. Rbc1 Rg6+ 27.
Kf2 Be4 28. Re2 Kf7 29. Rg1 Rxg1 30. Kxg1 Ke6 31. Kf2 Kd6 32. Rb2 Kc7 33. Ke2
c5 34. bxc5 bxc5 35. a5 g6 36. Kd2 h5 37. h4 Kc6 38. Kc3 Kc7 39. Rb6 Bf5 40.
Rf6 Be4 41. Kb3 Bf5 42. Ka4 Bd3 43. Rb6 c4 44. Kb4 Be4 45. Kc3 Kc8 46. Re6 Kb8
47. Rxe4 dxe4 48. Kxc4 Kc7 49. Kb5 Kb8 50. Kb6 Kc8 51. Kc5 Kb8 52. Kd4 Ka7 53.
Kxe4 Ka6 54. Kd5 Kxa5 55. e4 b5 56. f5 gxf5 57. exf5 1-0

[Event "Aeroflot Open 2012 B"]
[Site "Moscow"]
[Date "2012.02.15"]
[Round "9"]
[White "Soumya, Swaminathan"]
[Black "Garcia, Jan Emmanuel"]
[Result "1-0"]
[WhiteElo "2280"]
[BlackElo "2409"]
[PlyCount "159"]
[EventDate "2012.02.07"]
[EventType "swiss"]

1. e4 d6 2. d4 Nf6 3. Nc3 g6 4. Be3 c6 5. Qd2 b5 6. Bd3 Nbd7 7. Nf3 Qc7 8. a4
b4 9. Ne2 a5 10. O-O Bg7 11. h3 O-O 12. Rfc1 Bb7 13. c3 bxc3 14. Nxc3 Rfe8 15.
Rab1 Ba6 16. Bxa6 Rxa6 17. Bf4 Nb6 18. e5 Nfd5 19. exd6 exd6 20. Nb5 Qd7 21.
Nxd6 Re6 22. Nc4 Nxa4 23. Ra1 Nab6 24. Nxa5 Bf8 25. Ne5 Qc7 26. Nxg6 Nxf4 27.
Nxf4 Rf6 28. Nh5 Rg6 29. Qd3 Qa7 30. Nb3 Rxa1 31. Rxa1 Qb8 32. Nc5 Qd8 33. Ne4
Qh4 34. Qf3 Qd8 35. Nef6+ Kh8 36. Ng4 Bg7 37. Qxf7 Bxd4 38. Ra7 Qg8 39. Qxg8+
Kxg8 40. b3 Nd5 41. Ra4 c5 42. Ra8+ Kf7 43. Ra7+ Kg8 44. Rb7 Rg5 45. Nh6+ Kf8
46. g4 Re5 47. Rxh7 Re1+ 48. Kg2 Ne7 49. Nf6 Bxf6 50. Rf7+ Ke8 51. Rxf6 Rb1 52.
Rf3 Ng6 53. Nf5 Kd7 54. Re3 Nf4+ 55. Kg3 Nd5 56. Rd3 Ke6 57. Ne3 Nf6 58. Kf4
Rh1 59. g5 Nd7 60. Ng4 Nf8 61. Re3+ Kf7 62. Kf5 Rd1 63. Nh6+ Kg7 64. Re7+ Kh8
65. h4 Rd5+ 66. Re5 Rd3 67. Rxc5 Rf3+ 68. Kg4 Rxf2 69. Rf5 Rg2+ 70. Kf3 Rb2 71.
Rxf8+ Kg7 72. Rb8 Kg6 73. Rb6+ Kg7 74. Kg4 Rg2+ 75. Kh5 Kh7 76. Rb7+ Kh8 77.
Rb8+ Kh7 78. g6+ Kg7 79. Rb7+ Kh8 80. Rh7# 1-0

[Event "Aeroflot Open 2012 B"]
[Site "Moscow"]
[Date "2012.02.15"]
[Round "9"]
[White "Kreisl, Robert"]
[Black "Zhai, Mo"]
[Result "1/2-1/2"]
[WhiteElo "2406"]
[BlackElo "2191"]
[PlyCount "31"]
[EventDate "2012.02.07"]
[EventType "swiss"]

1. Nf3 Nf6 2. c4 e6 3. Nc3 Bb4 4. g3 O-O 5. Bg2 d5 6. a3 Be7 7. d4 c6 8. O-O b6
9. b3 Nbd7 10. Bb2 Bb7 11. Rc1 Rc8 12. Re1 Rb8 13. e3 h6 14. Qe2 Re8 15. Red1
Ba6 16. e4 $11 1/2-1/2

[Event "Aeroflot Open 2012 B"]
[Site "Moscow"]
[Date "2012.02.15"]
[Round "9"]
[White "Kabanov, Nikolai"]
[Black "Zhang, Xiaowen"]
[Result "1-0"]
[WhiteElo "2522"]
[BlackElo "2348"]
[PlyCount "51"]
[EventDate "2012.02.07"]
[EventType "swiss"]

1. e4 e6 2. d4 d5 3. e5 c5 4. c3 Nc6 5. Nf3 Bd7 6. Be2 f6 7. O-O Qc7 8. Re1
fxe5 9. Nxe5 Nxe5 10. dxe5 O-O-O 11. Bd3 Ne7 12. Na3 a6 13. b4 Nc6 14. b5 axb5
15. Nxb5 Qa5 16. a4 c4 17. Bc2 Nxe5 18. Rxe5 Bxb5 19. Bg5 Bd7 20. Bxd8 Kxd8 21.
Rb1 Kc8 22. Re3 Be7 23. Bf5 Bc5 24. Rxe6 Rf8 25. Re8+ Rxe8 26. Bxd7+ 1-0

[Event "Aeroflot Open 2012 B"]
[Site "Moscow"]
[Date "2012.02.15"]
[Round "9"]
[White "Le, Quang Long"]
[Black "Blanco, Cristobal J"]
[Result "1-0"]
[WhiteElo "2316"]
[BlackElo "2385"]
[PlyCount "113"]
[EventDate "2012.02.07"]
[EventType "swiss"]

1. c4 Nf6 2. Nc3 e6 3. Nf3 d5 4. d4 c6 5. Bg5 h6 6. Bh4 Be7 7. e3 Nbd7 8. Bd3
dxc4 9. Bxc4 Nd5 10. Bg3 Bb4 11. Rc1 Qa5 12. Qd3 N7b6 13. Bb3 Na4 14. Bxa4 Qxa4
15. O-O Nxc3 16. bxc3 Ba3 17. Rb1 b6 18. Ne5 Ba6 19. c4 O-O 20. Qb3 Qxb3 21.
axb3 Bb7 22. b4 a5 23. bxa5 b5 24. cxb5 cxb5 25. Rxb5 Ba6 26. Rb3 Bxf1 27. Kxf1
Bd6 28. Nc6 Rfc8 29. Rb6 Rxc6 30. Rxc6 Bxg3 31. hxg3 Rxa5 32. Rc8+ Kh7 33. Rc5
Ra2 34. g4 Kg6 35. g3 Kf6 36. Kg2 Rd2 37. Kf3 Ke7 38. Rc7+ Kf6 39. Rd7 Ra2 40.
e4 Ra3+ 41. Kg2 Ra2 42. e5+ Kg6 43. Kf3 Rb2 44. Ke3 Rb3+ 45. Ke4 Ra3 46. f4
Rxg3 47. f5+ Kh7 48. Rxf7 Rxg4+ 49. Kd3 exf5 50. Rxf5 Kg6 51. Rf1 Rg3+ 52. Ke4
Rg2 53. e6 h5 54. Kd5 Re2 55. Kd6 h4 56. e7 h3 57. Kd7 1-0

[Event "Aeroflot Open 2012 B"]
[Site "Moscow"]
[Date "2012.02.15"]
[Round "9"]
[White "Hernandez, Alexander"]
[Black "Aldokhin, Ivan"]
[Result "1/2-1/2"]
[WhiteElo "2270"]
[BlackElo "2376"]
[PlyCount "35"]
[EventDate "2012.02.07"]
[EventType "swiss"]

1. e4 c5 2. Nf3 e6 3. d4 cxd4 4. Nxd4 Nc6 5. Nb5 Nf6 6. N1c3 Bb4 7. a3 Bxc3+ 8.
Nxc3 d5 9. exd5 exd5 10. Bd3 d4 11. Qe2+ Be6 12. Ne4 Nxe4 13. Qxe4 Qd5 14. Qxd5
Bxd5 15. O-O O-O 16. Re1 f6 17. Bd2 Ne5 18. f4 $11 1/2-1/2

[Event "Aeroflot Open 2012 B"]
[Site "Moscow"]
[Date "2012.02.15"]
[Round "9"]
[White "Arabidze, Meri"]
[Black "Papp, Petra"]
[Result "0-1"]
[WhiteElo "2358"]
[BlackElo "2269"]
[PlyCount "152"]
[EventDate "2012.02.07"]
[EventType "swiss"]

1. d4 d5 2. c4 c6 3. Nf3 Nf6 4. e3 e6 5. Nbd2 Nbd7 6. Bd3 Bd6 7. O-O O-O 8. e4
e5 9. cxd5 cxd5 10. Re1 Re8 11. exd5 exd4 12. Ne4 Nxe4 13. Rxe4 Nf6 14. Rxd4
Bc5 15. Rc4 Qxd5 16. Bg5 Bf5 17. Bxf6 Bxd3 18. Rg4 Bf8 19. Rg5 Qd6 20. Be5 Qd8
21. h4 Be4 22. Bc3 Qxd1+ 23. Rxd1 Rad8 24. Rxd8 Rxd8 25. Nd2 Bc6 26. h5 Rd5 27.
Rxd5 Bxd5 28. a3 f6 29. h6 g6 30. Bxf6 Bxh6 31. Bc3 Kf7 32. Nf1 Bc6 33. Ne3 Ke6
34. g3 Bf3 35. Nc4 Kd5 36. Nd2 Be4 37. Kf1 Bd3+ 38. Kg2 Be2 39. f4 Bf8 40. Kh3
Bc5 41. Kh4 Be7+ 42. Kh3 h5 43. Kg2 Bg4 44. Nf3 Ke4 45. Ne5 Bf5 46. Kf2 Bd6 47.
Ke2 Bc5 48. a4 Be7 49. Kf2 g5 50. fxg5 Bxg5 51. Nf7 Be3+ 52. Kg2 Kd3 53. Kh2 b6
54. Ne5+ Ke2 55. Nc6 Bd7 56. Nxa7 Kf1 57. g4 Bf4+ 58. Kh3 hxg4+ 59. Kh4 g3 60.
Bd4 Bc7 61. b4 g2 62. b5 g1=Q 63. Bxg1 Kxg1 64. Kg5 Kf2 65. Kf6 Ke3 66. Ke7 Bh3
67. Nc6 Kd3 68. Nd8 Kc4 69. Nf7 Kb4 70. Ng5 Bg4 71. Ne4 Bf4 72. Kd8 Be5 73. Nf2
Bf5 74. Nd1 Bc2 75. Ne3 Bxa4 76. Nd5+ Kxb5 0-1

[Event "Aeroflot Open 2012 B"]
[Site "Moscow"]
[Date "2012.02.15"]
[Round "9"]
[White "Ivana Maria, Furtado"]
[Black "Gagarin, Vasilij"]
[Result "1/2-1/2"]
[WhiteElo "2065"]
[BlackElo "2417"]
[PlyCount "35"]
[EventDate "2012.02.07"]
[EventType "swiss"]

1. d4 Nf6 2. c4 c5 3. d5 e5 4. Nc3 d6 5. e4 Be7 6. g3 O-O 7. Bg2 Ne8 8. Nge2
Nd7 9. O-O g6 10. b3 Ng7 11. f4 f5 12. exf5 Nxf5 13. Ne4 a6 14. Qd2 Nd4 15. Bb2
Nf6 16. fxe5 Nxe4 17. Bxe4 dxe5 18. Nxd4 $11 1/2-1/2

[Event "Aeroflot Open 2012 B"]
[Site "Moscow"]
[Date "2012.02.15"]
[Round "9"]
[White "Szabo, Bence"]
[Black "Gomez, John Paul"]
[Result "0-1"]
[WhiteElo "2330"]
[BlackElo "2506"]
[PlyCount "68"]
[EventDate "2012.02.07"]
[EventType "swiss"]

1. Nf3 c5 2. c4 g6 3. d4 cxd4 4. Nxd4 Nc6 5. e4 Nf6 6. Nc3 d6 7. Be2 Nxd4 8.
Qxd4 Bg7 9. O-O O-O 10. Qd2 a5 11. Rb1 a4 12. b3 axb3 13. axb3 Be6 14. Bb2 Qb6
15. Qc2 Rfc8 16. Kh1 Qc5 17. f4 b5 18. f5 Bd7 19. Rbd1 Bc6 20. Qb1 b4 21. Nd5
Bxd5 22. exd5 Qe3 23. Qc2 Ra2 24. fxg6 hxg6 25. Rd3 Qe5 26. Rd2 Qg5 27. Rfd1
Rxb2 28. Qxb2 Ne4 29. Qc2 Nf2+ 30. Kg1 Qe3 31. Kf1 Nxd1 32. Rxd1 Bd4 33. Ke1
Qf2+ 34. Kd2 Be3+ 0-1

[Event "Aeroflot Open 2012 B"]
[Site "Moscow"]
[Date "2012.02.15"]
[Round "9"]
[White "Iljiushenok, Ilia"]
[Black "Korchmar, Vasiliy"]
[Result "1-0"]
[WhiteElo "2422"]
[BlackElo "2263"]
[PlyCount "63"]
[EventDate "2012.02.07"]
[EventType "swiss"]

1. d4 Nf6 2. c4 g6 3. g3 Bg7 4. Bg2 O-O 5. Nc3 d6 6. Nf3 Nc6 7. O-O a6 8. Bg5
h6 9. Bf4 Bg4 10. h3 Bxf3 11. exf3 e5 12. dxe5 dxe5 13. Be3 Nh5 14. Nd5 Re8 15.
Qd2 Kh7 16. Rad1 Nd4 17. f4 Nf5 18. fxe5 Nxe3 19. Qxe3 Rxe5 20. Qb3 Ra7 21. c5
Nf6 22. c6 b5 23. Nxf6+ Qxf6 24. Rd7 Re7 25. Rfd1 Ra8 26. Rxe7 Qxe7 27. Rd7
Qe1+ 28. Kh2 Qxf2 29. Rxf7 Qb6 30. Rd7 b4 31. Qf7 Rg8 32. Bd5 1-0

[Event "Aeroflot Open 2012 B"]
[Site "Moscow"]
[Date "2012.02.15"]
[Round "9"]
[White "Lavrov, Maxim"]
[Black "Gagare, Shardul"]
[Result "1/2-1/2"]
[WhiteElo "2397"]
[BlackElo "2268"]
[PlyCount "86"]
[EventDate "2012.02.07"]
[EventType "swiss"]

1. Nf3 Nf6 2. g3 g6 3. Bg2 Bg7 4. O-O O-O 5. d3 c5 6. e4 Nc6 7. Nbd2 d5 8. Re1
dxe4 9. dxe4 Bg4 10. h3 Bxf3 11. Bxf3 Qc7 12. Bg2 Rad8 13. c3 Ne5 14. Qe2 Nd3
15. Rd1 Bh6 16. Nb3 Nxc1 17. Nxc1 Rxd1+ 18. Qxd1 Rd8 19. Qe1 e5 20. c4 Rd4 21.
Qe2 Bxc1 22. Rxc1 Qa5 23. a3 Qa4 24. Kh2 Qb3 25. Rc3 Qd1 26. Qxd1 Rxd1 27. b4
Nd7 28. Bf3 Rd4 29. Bg4 Nb6 30. bxc5 Na4 31. c6 bxc6 32. Rb3 Nc5 33. Rb8+ Kg7
34. Ra8 Nxe4 35. Rxa7 Rd2 36. Bd7 Rxf2+ 37. Kg1 Rc2 38. Bxc6 Rxc4 39. Bd5 Rc1+
40. Kg2 Rc2+ 41. Kg1 Rc1+ 42. Kg2 Rc2+ 43. Kg1 Rc1+ 1/2-1/2

[Event "Aeroflot Open 2012 B"]
[Site "Moscow"]
[Date "2012.02.15"]
[Round "9"]
[White "Mohota, Nisha"]
[Black "Padmini, Rout"]
[Result "0-1"]
[WhiteElo "2323"]
[BlackElo "2383"]
[PlyCount "76"]
[EventDate "2012.02.07"]
[EventType "swiss"]

1. d4 Nf6 2. c4 g6 3. f3 Nc6 4. Nc3 d5 5. cxd5 Nxd5 6. e4 Nxc3 7. bxc3 Bg7 8.
Bd3 e5 9. d5 Ne7 10. Ne2 c6 11. c4 O-O 12. Be3 Qa5+ 13. Qd2 Qa3 14. Rb1 b6 15.
O-O Qd6 16. Rfc1 c5 17. a4 a5 18. Qb2 Rb8 19. Qa3 Re8 20. Rc2 Bd7 21. Rcb2 Bf8
22. Bc2 Nc8 23. Nc1 Qc7 24. Qc3 Bg7 25. Bb3 Nd6 26. Re2 f5 27. Bd2 Rf8 28. Re1
Qd8 29. Nd3 fxe4 30. Nxe5 exf3 31. gxf3 Bf5 32. Bc2 Qh4 33. Rbc1 Rbe8 34. f4
Bxe5 35. fxe5 Bxc2 36. Rxc2 Ne4 37. Qe3 Qg4+ 38. Kh1 Nf2+ 0-1

[Event "Aeroflot Open 2012 B"]
[Site "Moscow"]
[Date "2012.02.15"]
[Round "9"]
[White "Severina, Maria"]
[Black "Ynojosa, Felix Jose"]
[Result "1-0"]
[WhiteElo "2185"]
[BlackElo "2327"]
[PlyCount "86"]
[EventDate "2012.02.07"]
[EventType "swiss"]

1. Nf3 Nf6 2. c4 e6 3. Nc3 b6 4. g3 Bb7 5. Bg2 c5 6. O-O Be7 7. d4 cxd4 8. Nxd4
Bxg2 9. Kxg2 Qc8 10. Qd3 Nc6 11. b3 Ne5 12. Qe3 Nfg4 13. Qd2 Qb7+ 14. f3 f5 15.
Kg1 Nf6 16. Bb2 h5 17. Ndb5 Nf7 18. Ba3 Bxa3 19. Nxa3 h4 20. Nab5 Qb8 21. Qf4
Qxf4 22. gxf4 Ke7 23. e4 a6 24. Nd4 g6 25. Rfe1 Kf8 26. Kf2 Nh5 27. Ke3 Kg7 28.
Rg1 Kh6 29. Rad1 Rhc8 30. Nde2 Rc7 31. Rd2 Rb8 32. a4 Nf6 33. Rgd1 Rbb7 34. Nc1
Kg7 35. Nd3 Ng8 36. Nb4 Ne7 37. Kf2 Kh6 38. Kg2 Kh5 39. Kh3 Nh6 40. Rg1 fxe4
41. Rdg2 Nhf5 42. Rg5+ Kh6 43. fxe4 Nd4 1-0

[Event "Aeroflot Open 2012 B"]
[Site "Moscow"]
[Date "2012.02.15"]
[Round "9"]
[White "Belyakov, Bogdan"]
[Black "Tari, Aryan"]
[Result "1-0"]
[WhiteElo "2375"]
[BlackElo "2206"]
[PlyCount "120"]
[EventDate "2012.02.07"]
[EventType "swiss"]

1. e4 c6 2. d4 d5 3. Nc3 dxe4 4. Nxe4 Nd7 5. Bd3 Ngf6 6. Ng5 e6 7. N1f3 Bd6 8.
O-O h6 9. Ne4 Nxe4 10. Bxe4 Nf6 11. Bd3 O-O 12. Qe2 Qc7 13. h3 b6 14. Ne5 Bb7
15. Nc4 Bh2+ 16. Kh1 Bf4 17. Bxf4 Qxf4 18. Qe5 Qxe5 19. dxe5 Nd5 20. Nd6 Rab8
21. c4 Ne7 22. Be4 Ba8 23. c5 bxc5 24. b3 Nc8 $11 25. Rfd1 Rd8 26. Nb7 Rxd1+
27. Rxd1 Nb6 28. Nxc5 Nd5 29. f3 Rd8 30. Rd4 Rc8 31. Ra4 Rc7 32. Rc4 Nb6 33.
Rd4 Nd5 34. Rc4 Nb6 35. Rb4 Kf8 36. a4 Ke7 37. a5 Nd7 38. Nxd7 Kxd7 39. Rb8 Rc8
40. Rxc8 Kxc8 41. Kg1 Bb7 42. b4 Kc7 43. Kf2 Ba6 44. Ke3 Bf1 45. f4 Kd7 46. h4
h5 47. Kd4 g6 48. Kc5 Bb5 49. Bf3 Kc7 50. g3 Kd7 51. g4 hxg4 52. Bxg4 Ke7 53.
Bd1 Kd7 54. Bf3 Ba4 55. Be2 Kc7 56. h5 gxh5 57. Bxh5 Bc2 58. Bxf7 Bf5 59. Kd4
Kd7 60. Bh5 Bc2 1-0

[Event "Aeroflot Open 2012 B"]
[Site "Moscow"]
[Date "2012.02.15"]
[Round "9"]
[White "Yakimenko, Alexander A"]
[Black "Tonoian, Armen"]
[Result "0-1"]
[WhiteElo "2258"]
[BlackElo "2374"]
[PlyCount "140"]
[EventDate "2012.02.07"]
[EventType "swiss"]

1. d4 d5 2. Nf3 Nf6 3. c4 dxc4 4. Nc3 a6 5. a4 Nc6 6. e4 Bg4 7. Be3 Bxf3 8.
gxf3 e5 9. d5 Na5 10. Qc2 Bd6 11. h4 O-O 12. h5 Rb8 13. Rd1 b5 14. axb5 axb5
15. Bg2 Nb3 16. Ne2 Bc5 17. Kf1 Bxe3 18. fxe3 Ne8 19. Ng3 Nd6 20. Bh3 Nc5 21.
Rg1 Nd3 22. Rd2 Ra8 23. Qb1 Ra6 24. Kg2 Qh4 25. Kh2 Kh8 26. Rdg2 g6 27. b3 Ra3
28. bxc4 Nxc4 29. Rd1 Nf4 30. exf4 exf4 31. Qxb5 fxg3+ 32. Kg1 Ne3 33. Qb2+ Kg8
34. h6 Qxh6 35. Qxa3 Nxd1 36. Rxg3 Qh4 37. Rg2 Qe1+ 38. Kh2 Ne3 39. Rb2 Nc4 40.
Qb4 Qc1 41. Ra2 Qf4+ 42. Kg1 Ne3 43. Qe1 Qxf3 44. Ra3 Qxh3 45. Rxe3 Qg4+ 46.
Kf1 Re8 47. Qb4 Qf4+ 48. Ke2 h5 49. Qa4 Qe5 50. Qc4 Kg7 51. Kd3 f5 52. Qc6 Re7
53. Kc4 fxe4 54. Qa8 h4 55. Qc8 Qf5 56. Qd8 Rd7 57. Qa8 Kh7 58. Kd4 Qf6+ 59.
Kc4 Qf1+ 60. Kd4 Qd1+ 61. Ke5 Qg4 62. Kd4 Qf5 63. Rxe4 c5+ 64. Ke3 Qg5+ 65. Ke2
Rxd5 66. Qb7+ Kh6 67. Re7 Qd2+ 68. Kf1 Rf5+ 69. Kg1 Qf2+ 70. Kh1 Qf1+ 0-1

[Event "Aeroflot Open 2012 B"]
[Site "Moscow"]
[Date "2012.02.15"]
[Round "9"]
[White "Kharmunova, Nadejda"]
[Black "Pasiev, Rakhim"]
[Result "0-1"]
[WhiteElo "2215"]
[BlackElo "2312"]
[PlyCount "120"]
[EventDate "2012.02.07"]
[EventType "swiss"]

1. c4 e5 2. Nc3 Nc6 3. g3 d6 4. Bg2 Be6 5. d3 Qd7 6. b4 g6 7. Rb1 Bg7 8. Nd5
Nd8 9. b5 h6 10. Qa4 f5 11. Qa5 Bxd5 12. Bxd5 Nf6 13. Bg2 O-O 14. Bb2 Re8 15.
Nf3 e4 16. dxe4 Nxe4 17. O-O Ne6 18. e3 N6c5 19. Bd4 b6 20. Qa3 a6 21. Qb2 axb5
22. cxb5 Ra5 23. Bxg7 Qxg7 24. Nd4 Rea8 25. Ra1 Kh7 26. f3 Nf6 27. g4 Nd5 28.
Qd2 Qe5 29. f4 Qxe3+ 30. Qf2 Nd3 31. Qxe3 Nxe3 32. Bxa8 Nxf1 33. Bf3 Ne3 34.
gxf5 Nxf4 35. fxg6+ Kxg6 36. Kf2 Ra3 37. Nb3 Nf5 38. Be4 Ra4 39. Kf3 Ne6 40.
Bd3 Kf6 41. Nd2 Ng5+ 42. Ke2 Ne6 43. Ne4+ Ke5 44. Nf2 Nf4+ 45. Kd2 Nxd3 46.
Kxd3 Ra3+ 47. Kd2 Kd4 48. Ke2 Kc4 49. Rc1+ Rc3 50. Rxc3+ Kxc3 51. Kf3 Kb4 52.
Kf4 Ng7 53. Ng4 h5 54. Nf6 Kxb5 55. Kg5 c5 56. Kg6 c4 57. Kxg7 c3 58. Ne4 c2
59. Nc3+ Kc4 60. Ne2 d5 0-1

[Event "Aeroflot Open 2012 B"]
[Site "Moscow"]
[Date "2012.02.15"]
[Round "9"]
[White "Chubar, Vladimir"]
[Black "Pratyusha, Bodda"]
[Result "0-1"]
[WhiteElo "2078"]
[BlackElo "2142"]
[PlyCount "80"]
[EventDate "2012.02.07"]
[EventType "swiss"]

1. Nf3 Nf6 2. b3 e6 3. Bb2 b6 4. c4 c5 5. Nc3 Bb7 6. e3 Be7 7. d4 cxd4 8. exd4
d5 9. cxd5 Nxd5 10. Bb5+ Bc6 11. Qe2 O-O 12. O-O Bb7 13. Rfd1 Nc6 14. Nxd5 exd5
15. Rac1 Rc8 16. Ne5 Nb8 17. Bd3 Qd6 18. Bf5 Rxc1 19. Bxc1 g6 20. Qg4 Qf6 21.
Bd3 Bc8 22. Qe2 Be6 23. h3 Rc8 24. Nf3 Qg7 25. Ng5 Rxc1 26. Rxc1 Bxg5 27. Rc7
Qxd4 28. Rxa7 Nc6 29. Ra8+ Kg7 30. Bb5 Ne7 31. Ra7 Bf6 32. Bd7 Bxd7 33. Rxd7
Qc5 34. g3 d4 35. h4 Nc6 36. Qe8 Ne5 37. Ra7 d3 38. Ra8 d2 39. Qh8+ Kh6 40.
Qxf6 d1=Q+ 0-1